Digital Marketing From Fundamentals To Future (Record no. 96206)

MARC details
000 -LEADER
fixed length control field 00635nam a2200229Ia 4500
005 - DATE AND TIME OF LATEST TRANSACTION
control field 20230417164252.0
008 - FIXED-LENGTH DATA ELEMENTS--GENERAL INFORMATION
fixed length control field 230125s9999 xx 000 0 und d
020 ## - INTERNATIONAL STANDARD BOOK NUMBER
International Standard Book Number 9789353501532
041 ## - LANGUAGE CODE
Language code of text/sound track or separate title eng
082 ## - DEWEY DECIMAL CLASSIFICATION NUMBER
Classification number 658.8
Item number SWA
100 ## - MAIN ENTRY--PERSONAL NAME
Author Swaminathan T N
245 ## - TITLE STATEMENT
Title Digital Marketing From Fundamentals To Future
250 ## - EDITION STATEMENT
Edition statement 1st Ed.
260 ## - PUBLICATION, DISTRIBUTION, ETC.
Date of publication, distribution, etc. 2019
Name of publisher, distributor, etc. Cengage Learning
Place of publication, distribution, etc. India
300 ## - PHYSICAL DESCRIPTION
Extent 270p
500 ## - GENERAL NOTE
Keywords Digital Marketing;Marketing Management
650 ## - SUBJECT ADDED ENTRY--TOPICAL TERM
Topical term or geographic name entry element Digital Marketing;Marketing Management
700 ## - ADDED ENTRY--PERSONAL NAME
Personal name Swaminathan T N & Kumar K
942 ## - ADDED ENTRY ELEMENTS (KOHA)
Koha item type Books
906 ## - LOCAL DATA ELEMENT F, LDF (RLIN)
b 91
Holdings
Withdrawn status Lost status Damaged status Not for loan Home library Current library Date acquired Vendor Net Price Bill number Total Checkouts Full call number Barcode Date last seen Date last checked out Actual Price Bill Date Koha item type Original Barcode Total Renewals
        Smt. Hiraben Nanavati Institute of Management & Research for Women Smt. Hiraben Nanavati Institute of Management & Research for Women 06/01/2020 Forward Books 325.00 11163 1 658.8 SWA B19407 HIMR-BK-19407 25/11/2025 18/11/2025 234.00 25/01/2023 Books B19407  
        Smt. Hiraben Nanavati Institute of Management & Research for Women Smt. Hiraben Nanavati Institute of Management & Research for Women 06/01/2020 Forward Books 325.00 11163 1 658.8 SWA B19408 HIMR-BK-19408 14/06/2023 23/05/2023 234.00 25/01/2023 Books B19408 2